<?xml version="1.0" encoding="UTF-8"?>
<record
    xmlns:xsi="http://www.w3.org/2001/XMLSchema-instance"
    xsi:schemaLocation="http://www.loc.gov/MARC21/slim http://www.loc.gov/standards/marcxml/schema/MARC21slim.xsd"
    xmlns="http://www.loc.gov/MARC21/slim">

  <leader>04044nam a2200565Ia 4500</leader>
  <controlfield tag="001">377</controlfield>
  <controlfield tag="008">241029s9999    xx            000 0 und d</controlfield>
  <datafield tag="010" ind1=" " ind2=" ">
    <subfield code="a">344</subfield>
  </datafield>
  <datafield tag="041" ind1=" " ind2=" ">
    <subfield code="a">Espa&#xF1;ol</subfield>
  </datafield>
  <datafield tag="082" ind1=" " ind2=" ">
    <subfield code="a">NO APLICA</subfield>
  </datafield>
  <datafield tag="245" ind1=" " ind2="0">
    <subfield code="a">Estrategias psicol&#xF3;gicas para la disciplina en el Primer Ciclo y Segundo Grado de la Educaci&#xF3;n Media del Centro Pedag&#xF3;gico Gotitas de Miel del Sector Invivienda Santo Domingo en el A&#xF1;o Escolar 12011-2012</subfield>
  </datafield>
  <datafield tag="260" ind1=" " ind2=" ">
    <subfield code="a">Santo Domingo</subfield>
  </datafield>
  <datafield tag="300" ind1=" " ind2=" ">
    <subfield code="a">84</subfield>
  </datafield>
  <datafield tag="520" ind1=" " ind2=" ">
    <subfield code="a">30</subfield>
  </datafield>
  <datafield tag="630" ind1=" " ind2=" ">
    <subfield code="a">Docentes</subfield>
  </datafield>
  <datafield tag="630" ind1=" " ind2=" ">
    <subfield code="a">Estrategia Metodol&#xF3;gica</subfield>
  </datafield>
  <datafield tag="630" ind1=" " ind2=" ">
    <subfield code="a">Estudiantes</subfield>
  </datafield>
  <datafield tag="630" ind1=" " ind2=" ">
    <subfield code="a">Psicolog&#xED;a</subfield>
  </datafield>
  <datafield tag="650" ind1=" " ind2=" ">
    <subfield code="a">Pedagog&#xED;a</subfield>
  </datafield>
  <datafield tag="690" ind1=" " ind2=" ">
    <subfield code="a">Elaborado</subfield>
  </datafield>
  <datafield tag="700" ind1=" " ind2=" ">
    <subfield code="e">asesor</subfield>
    <subfield code="a">Adames , Adalberto </subfield>
  </datafield>
  <datafield tag="700" ind1=" " ind2=" ">
    <subfield code="e">autor</subfield>
    <subfield code="a">Rijo Jim&#xE9;nez , Eduviges Altagracia</subfield>
  </datafield>
  <datafield tag="700" ind1=" " ind2=" ">
    <subfield code="e">autor</subfield>
    <subfield code="a">Mesa Ramirez , Ana Mar&#xED;a </subfield>
  </datafield>
  <datafield tag="901" ind1=" " ind2=" ">
    <subfield code="a">{"1":"Rijo Jim&#xE9;nez ","2":"Mesa Ramirez "}</subfield>
    <subfield code="b">{"1":"Eduviges Altagracia","2":"Ana Mar&#xED;a "}</subfield>
  </datafield>
  <datafield tag="902" ind1=" " ind2=" ">
    <subfield code="a">1</subfield>
  </datafield>
  <datafield tag="903" ind1=" " ind2=" ">
    <subfield code="a">{"1":"Adames "}</subfield>
    <subfield code="b">{"1":"Adalberto "}</subfield>
  </datafield>
  <datafield tag="904" ind1=" " ind2=" ">
    <subfield code="a">Maestr&#xED;a en</subfield>
  </datafield>
  <datafield tag="905" ind1=" " ind2=" ">
    <subfield code="a">Ciencias de la Educaci&#xF3;n</subfield>
  </datafield>
  <datafield tag="906" ind1=" " ind2=" ">
    <subfield code="a">1</subfield>
  </datafield>
  <datafield tag="907" ind1=" " ind2=" ">
    <subfield code="a">Menci&#xF3;n en</subfield>
  </datafield>
  <datafield tag="908" ind1=" " ind2=" ">
    <subfield code="a">Gesti&#xF3;n de Centros Educativos</subfield>
  </datafield>
  <datafield tag="909" ind1=" " ind2=" ">
    <subfield code="a">Universidad Abierta para Adultos (UAPA), Recinto Santo Domingo Oriental</subfield>
  </datafield>
  <datafield tag="910" ind1=" " ind2=" ">
    <subfield code="a">NULL</subfield>
    <subfield code="b">NULL</subfield>
  </datafield>
  <datafield tag="911" ind1=" " ind2=" ">
    <subfield code="a">["1"]</subfield>
  </datafield>
  <datafield tag="912" ind1=" " ind2=" ">
    <subfield code="a">NO APLICA</subfield>
  </datafield>
  <datafield tag="913" ind1=" " ind2=" ">
    <subfield code="a">NULL</subfield>
  </datafield>
  <datafield tag="914" ind1=" " ind2=" ">
    <subfield code="a">06 de Agosto de 2012</subfield>
  </datafield>
  <datafield tag="915" ind1=" " ind2=" ">
    <subfield code="a">30/06/15 11:06</subfield>
  </datafield>
  <datafield tag="916" ind1=" " ind2=" ">
    <subfield code="a">NULL</subfield>
  </datafield>
  <datafield tag="917" ind1=" " ind2=" ">
    <subfield code="a">NULL</subfield>
  </datafield>
  <datafield tag="918" ind1=" " ind2=" ">
    <subfield code="a">NO APLICA</subfield>
  </datafield>
  <datafield tag="919" ind1=" " ind2=" ">
    <subfield code="a">["70","223","96","172"]</subfield>
  </datafield>
  <datafield tag="520" ind1=" " ind2=" ">
    <subfield code="a">Los principales prop&#xF3;sitos de este estudio &#xA0;consistieron en Determinar las estrategias psicopedag&#xF3;gicas para la disciplina en el Primer Ciclo del primer y segundo Grado de Educaci&#xF3;n Media, del Centro Pedag&#xF3;gico Gotitas de Miel del sector Invivienda, Santo Domingo, a&#xF1;o escolar 2011-2012, indicar las estrategias m&#xE1;s utilizadas para la disciplina, verificar el tipo de capacitaci&#xF3;n que han recibido los docentes, Determinar los efectos que tienen las normas disciplinarias en la formaci&#xF3;n de los estudiantes.&#xA0;El dise&#xF1;o de esta investigaci&#xF3;n es de campo, no experimental, las t&#xE9;cnicas utilizadas fueron la entrevista, la encuesta tipo cuestionario y la observaci&#xF3;n. Los m&#xE9;todos que se utilizaron fueron el l&#xF3;gico-deductivo, el estad&#xED;stico y el anal&#xED;tico, la poblaci&#xF3;n de estudio fueron los estudiantes del Primer Ciclo del Nivel Medio del colegio Centro Pedag&#xF3;gico Gotitas de Miel del Sector Invivienda, en el periodo comprendido entre 2011-2012, comprendi&#xF3; 17 estudiantes del Primer Grado y 22 del Segundo Grado que suman un total de 39 estudiantes, 3 maestros, 1 coordinadora del Nivel Medio y el Sub-director (5 docentes en total).El estudio concluye que las estrategias m&#xE1;s utilizadas para la disciplina son las estrategias democr&#xE1;ticas y participativas, que les permiten accionar y desenvolverse en varios &#xE1;mbito, por otro lado, las afectivo-emotivas estas ayudan a expresar sus emociones y pensamiento y por &#xFA;ltimos las l&#xFA;dicas y de integraci&#xF3;n les permiten ser parte del grupo; el 56%de los estudiantes encuestados expresaron que la estrategias m&#xE1;s utilizadas fueron las democr&#xE1;ticas y participativas, y el 31% la estrategia afectivo-emotivo. Los docentes expresaron que han recibido orientaci&#xF3;n a trav&#xE9;s de talleres, charlas y encuentros con psic&#xF3;logos. De la misma manera se han trabajado los valores, han recibido charlas disciplinarias continuamente para la mejora del proceso institucional a trav&#xE9;s de grupo de gesti&#xF3;n del Centro.&#xA0;El estudio recomienda preparar una gu&#xED;a para la ejecuci&#xF3;n de los programas de trabajos en los diferentes grupos focales que participan en la instituci&#xF3;n trazando estrategia de integraci&#xF3;n, trabajando de manera unificada , dando seguimiento continuo, convocando a reuniones, llamando , hablando, yendo, concientizando explicando.de esta manera se mantendr&#xE1; una comunicaci&#xF3;n constante y el trabajo se facilitara.&#xA0;</subfield>
  </datafield>
  <datafield tag="921" ind1=" " ind2=" ">
    <subfield code="a">16</subfield>
  </datafield>
  <datafield tag="922" ind1=" " ind2=" ">
    <subfield code="a">16</subfield>
  </datafield>
  <datafield tag="923" ind1=" " ind2=" ">
    <subfield code="a">0</subfield>
  </datafield>
  <datafield tag="924" ind1=" " ind2=" ">
    <subfield code="a">NO APLICA</subfield>
  </datafield>
  <datafield tag="942" ind1=" " ind2=" ">
    <subfield code="c">Tesis</subfield>
  </datafield>
  <datafield tag="999" ind1=" " ind2=" ">
    <subfield code="c">344</subfield>
    <subfield code="d">344</subfield>
  </datafield>
</record>
